[Event "Champions Showdown Blitz"]
[Site "Saint Louis USA"]
[Date "2016.11.14"]
[Round "7.2"]
[White "Anand,V"]
[Black "Nakamura,Hi"]
[Result "1-0"]
[WhiteElo "2779"]
[BlackElo "2779"]

1.e4 e5 2.Nf3 Nc6 3.Bb5 Nf6 4.O-O Nxe4 5.Re1 Nd6 6.Nxe5 Be7 7.Bf1 Nf5 8.Nf3 O-O
9.d4 d5 10.c3 Bd6 11.Bd3 Nce7 12.Nbd2 c6 13.Nf1 g6 14.Ng3 f6 15.Qc2 Nxg3
16.hxg3 Bf5 17.Bf4 Bxf4 18.gxf4 Qd7 19.Nh4 Bxd3 20.Qxd3 Rae8 21.Re3 Qg4 22.Rae1 Kf7
23.g3 Nc8 24.c4 Nb6 25.b3 Qd7 26.f5 g5 27.Ng2 Rxe3 28.Nxe3 Re8 29.Kg2 Kg7
30.c5 Nc8 31.b4 Ne7 32.a4 h5 33.b5 Ng8 34.Rb1 Nh6 35.bxc6 bxc6 36.a5 Re7
37.a6 Qc8 38.Rb4 g4 39.Rb1 Nf7 40.Rh1 Qe8 41.Rxh5 Ne5 42.dxe5 Qxh5 43.exf6+ Kxf6
44.Qd4+ Kf7 45.Nxg4 Re1 46.Qf6+ Kg8 47.Qd8+ Kf7 48.Qd7+ Kf8 49.Qd6+ Kg7 50.Qf6+ Kh7
51.Nh2 Qd1 52.Qg6+ Kh8 53.f6  1-0

[Event "Champions Showdown Blitz"]
[Site "Saint Louis USA"]
[Date "2016.11.14"]
[Round "8.1"]
[White "Caruana,F"]
[Black "Nakamura,Hi"]
[Result "1/2-1/2"]
[WhiteElo "2823"]
[BlackElo "2779"]

1.e4 e5 2.Nf3 Nc6 3.Bb5 Nf6 4.d3 Bc5 5.Bxc6 dxc6 6.Nbd2 Be6 7.Nb3 Bd6 8.Na5 Qc8
9.Bd2 O-O 10.Bc3 Re8 11.Qe2 Nd7 12.O-O Bg4 13.h3 Bh5 14.g4 Bg6 15.Nc4 f6
16.Nh4 Nf8 17.Nf5 Qd7 18.Nce3 Ne6 19.Ng2 c5 20.Qf3 Bf8 21.Qg3 b5 22.h4 b4
23.Bd2 c4 24.Be3 b3 25.axb3 cxb3 26.cxb3 Qxd3 27.h5 Bf7 28.Rfd1 Qxe4 29.Rd7 Rad8
30.Rad1 Rxd7 31.Rxd7 Rd8 32.Rxd8 Nxd8 33.Bxa7 Qb1+ 34.Kh2 Qxb2 35.g5 Qxb3
36.Nge3 Kh8 37.h6 g6 38.Ng7 Qa2 39.Bb8 f5 40.Bxc7 f4 41.Qf3 fxe3 42.Bxe5 Kg8
43.Qxe3 Qc4 44.Kg3 Qb3 45.Qxb3 Bxb3 46.Ne8 Be7 47.Bf6 Nc6 48.Bxe7 Nxe7 49.Nf6+ Kh8
50.f3 Bd1 51.Kf4 Nc6 52.Ke3 Ne5 53.Kf4 Nxf3 54.Nd7 Nd4 55.Ke5 Bg4 56.Nf6 Nc6+
57.Kd6 Bf3 58.Nd7 Nd4 59.Ke5 Nf5 60.Kf6 Kg8 61.Ke6 Nd4+ 62.Ke5 Nc6+ 63.Kf6 Bg4
64.Nc5 Nb4 65.Ne4 Nd3 66.Nd6 Nc5 67.Ke5 Nd7+ 68.Kf4 Be6 69.Ne4 Kf8 70.Nd6 Ke7
71.Ne4  1/2-1/2

[Event "Champions Showdown Blitz"]
[Site "Saint Louis USA"]
[Date "2016.11.14"]
[Round "9.2"]
[White "Nakamura,Hi"]
[Black "Topalov,V"]
[Result "1-0"]
[WhiteElo "2779"]
[BlackElo "2760"]

1.d4 Nf6 2.Bg5 d5 3.e3 e6 4.c4 h6 5.Bh4 c5 6.Nc3 cxd4 7.exd4 Be7 8.Nf3 O-O
9.Bd3 dxc4 10.Bxc4 Nc6 11.O-O Bd7 12.Re1 Rc8 13.Qe2 Nd5 14.Bxe7 Ncxe7 15.Bxd5 Nxd5
16.Nxd5 exd5 17.Qd3 Qb6 18.Ne5 Be6 19.Re2 Rc7 20.Rae1 Rfc8 21.f4 Qa6 22.Qf3 Qb6
23.Qd3 Qa6 24.Qf3 Rc1 25.Re3 Qb6 26.f5 Qxd4 27.Kf1 Bxf5 28.Qxf5 R8c7 29.Re2 Rxe1+
30.Rxe1 Qxb2 31.Nd3 Qb5 32.Kg1 g6 33.Qf6 Qb6+ 34.Qxb6 axb6 35.Nb4 d4 36.Nd5 Rc2
37.Rd1 Rxa2 38.Nxb6 Ra6 39.Nd5 Rd6 40.Rxd4 Kg7 41.Kf2 b5 42.Ke3 g5 43.Ke4 Re6+
44.Kd3 Kg6 45.Ne3 f5 46.Rd5 f4 47.Ng4 b4 48.Rb5 Kh5 49.Ne5 b3 50.Kc3 Rd6
51.Rxb3 Rd5 52.Nd3 Ra5 53.Kd2 Ra1 54.Ke2 Rh1 55.h3 Kh4 56.Ne5 Ra1 57.Kf2 Ra2+
58.Kg1 Re2 59.Nf3+ Kh5 60.Rb6 Ra2 61.Ne5 Rc2 62.Kh2  1-0

[Event "Champions Showdown Blitz"]
[Site "Saint Louis USA"]
[Date "2016.11.14"]
[Round "10.2"]
[White "Nakamura,Hi"]
[Black "Anand,V"]
[Result "1-0"]
[WhiteElo "2779"]
[BlackElo "2779"]

1.e4 e5 2.Nf3 Nc6 3.c3 Nf6 4.d4 Nxe4 5.d5 Ne7 6.Nxe5 Ng6 7.Nxg6 hxg6 8.Bd3 Nf6
9.O-O Bc5 10.Re1+ Kf8 11.b4 Bb6 12.d6 cxd6 13.Qf3 d5 14.h3 d6 15.Nd2 Be6
16.a4 a6 17.Nb3 Rc8 18.Nd4 Bxd4 19.cxd4 Ne4 20.Bxe4 dxe4 21.Qxe4 d5 22.Qf3 Qf6
23.Bf4 g5 24.Bd6+ Kg8 25.Qxf6 gxf6 26.f3 Rc4 27.Rac1 b5 28.axb5 axb5 29.Bc5 f5
30.Ra1 g4 31.hxg4 fxg4 32.fxg4 Kg7 33.Re5 Rh4 34.Rg5+ Kh6 35.Rg8 Rxg4 36.Rxg4 Bxg4
37.Ra5 Rc1+ 38.Kf2 Rc2+ 39.Kg3 Bf5 40.Kf4 Bd7 41.Ra6+ Kg7 42.Rd6 Be6 43.Rb6 Rxg2
44.Rxb5 Kf6 45.Rb8 Rf2+ 46.Ke3 Rb2 47.b5 Kf5 48.Kd3 Kf4 49.Kc3 Rb1 50.b6 Rb5
51.Bd6+ Ke4 52.Bc7 Rb1 53.Rh8 Kf5 54.Ra8 Bd7 55.Rf8 Ke6 56.Rd8 Ke7 57.Kc2 Rb5
58.Kc3 Rb1 59.Rh8 Bc6 60.Rh6 Bb7 61.Bd6+ Kd7 62.Bc5 Rf1 63.Kb4 Rb1+ 64.Kc3 Rc1+
65.Kd2 Rf1 66.Rd6+ Kc8 67.Rh6 Kd7 68.Rh8 Kc6 69.Re8 Kb5 70.Ke2 Rf6 71.Rb8 Kc6
72.Kd2 Rf2+ 73.Kc3 Rf1 74.Re8 Kb5 75.Re7 Ka6 76.Kd2 f5 77.Ke2 Rb1 78.Rf7 Rb2+
79.Ke3 Rb3+ 80.Kf2 Rb2+ 81.Kg3 Rb3+ 82.Kf4 Rb1 83.Ke5 Rf1 84.Kd6 f4 85.Kc7 Rh1
86.Rxf4 Rh7+ 87.Kd6 Rh6+ 88.Ke7 Rh7+ 89.Ke6 Bc6 90.Rf1 Kb7 91.Ra1 Rh6+ 92.Ke5 Rh5+
93.Kf6 Kc8 94.Ra7 Bb7 95.Ra1 Bc6 96.Re1 Rh7 97.Kg6 Rd7 98.Re6 Kb7 99.Kf6 Bb5
100.Ke5 Bc6 101.Rh6 Bb5 102.Bd6 Kxb6 103.Kxd5 Kb7 104.Kc5 Ba4 105.Be5 Kc8
106.Ra6 Bd1 107.d5 Rb7 108.Rh6 Rd7 109.Rh8+ Kb7 110.Rb8+ Ka7 111.Rb2 Bf3
112.d6 Ka8 113.Rf2 Bh1 114.Kb6 Rb7+ 115.Kc5 Rd7 116.Rf1 Bg2 117.Rg1 Bf3 118.Bf6 Kb7
119.Rg8 Rf7 120.Be7 Rf5+ 121.Kd4 Kc6 122.Rc8+ Kd7 123.Rc7+ Ke6 124.Ra7 Rd5+
125.Ke3 Bg4 126.Bf8 Rxd6 127.Bxd6 Kxd6 128.Kd4 Be6 129.Ra6+ Ke7 130.Ke5 Bg4
131.Ra7+ Kd8 132.Kd6 Ke8 133.Re7+ Kf8 134.Re4 Bh3 135.Rh4 Bg2 136.Rf4+ Ke8
137.Rf6 Bh1 138.Rf2 Bb7 139.Rh2  1-0

[Event "Champions Showdown Blitz"]
[Site "Saint Louis USA"]
[Date "2016.11.14"]
[Round "11.1"]
[White "Nakamura,Hi"]
[Black "Caruana,F"]
[Result "0-1"]
[WhiteElo "2779"]
[BlackElo "2823"]

1.d4 Nf6 2.c4 e6 3.Nf3 Bb4+ 4.Nbd2 O-O 5.a3 Be7 6.e4 d6 7.Bd3 Nbd7 8.b4 e5
9.d5 a5 10.Rb1 axb4 11.axb4 c6 12.O-O cxd5 13.cxd5 Nb6 14.Nb3 Nbxd5 15.exd5 e4
16.Re1 exd3 17.Qxd3 Re8 18.Bg5 h6 19.Bh4 Bd7 20.Na5 Qb6 21.Qd4 Qxd4 22.Nxd4 Nxd5
23.Bxe7 Rxe7 24.Rxe7 Nxe7 25.Nxb7 Nd5 26.Nxd6 Nxb4 27.h3 Rb8 28.Rc1 Nd5 29.Rc5 Nf6
30.Rc7 Rb6 31.Nc4 Rb1+ 32.Kh2 Rc1 33.g4 g5 34.f3 Kg7 35.Kg3 Rc3 36.Kf2 Rd3
37.Ne2 Be6 38.Ne5 Rd5 39.Nc6 Rc5 40.Ned4 Bd7 41.Kg3 Kf8 42.h4 Ke8 43.h5 Nd5
44.Rxd7 Kxd7 45.Ne5+ Ke8 46.Nf5 Nf4 47.Nd6+ Ke7 48.Nf5+ Ke6  0-1

[Event "Champions Showdown Blitz"]
[Site "Saint Louis USA"]
[Date "2016.11.14"]
[Round "12.2"]
[White "Topalov,V"]
[Black "Nakamura,Hi"]
[Result "0-1"]
[WhiteElo "2760"]
[BlackElo "2779"]

1.e4 c5 2.Nf3 d6 3.d4 cxd4 4.Nxd4 Nf6 5.f3 e5 6.Nb3 d5 7.Bg5 Be6 8.Bxf6 gxf6
9.exd5 Qxd5 10.Qxd5 Bxd5 11.Bb5+ Bc6 12.Bd3 Nd7 13.N1d2 a5 14.a3 a4 15.Nc1 Nc5
16.Bf5 Rg8 17.O-O Rg5 18.Be4 O-O-O 19.Nd3 Bb5 20.h4 Rh5 21.g4 Rxh4 22.Kg2 Bh6
23.Kg3 Bg5 24.Bf5+ Kb8 25.Ne4 Nxe4+ 26.Bxe4 h5 27.Rh1 Rxh1 28.Rxh1 hxg4 29.fxg4 Rd4
30.Kf3 Rc4 31.Nb4 Bd7 32.Rg1 Rd4 33.Rg2 Rd1 34.Nd3 Rh1 35.Nf2 Re1 36.Rh2 Re3+
37.Kg2 Bf4 38.Rh8+ Kc7 39.Rg8 Rg3+ 40.Kf1 Bb5+ 41.Nd3 Re3 42.Bf5  0-1

[Event "8th London Classic 2016"]
[Site "London ENG"]
[Date "2016.12.09"]
[Round "1.1"]
[White "Nakamura,Hi"]
[Black "So,W"]
[Result "0-1"]
[WhiteElo "2779"]
[BlackElo "2794"]

1.d4 Nf6 2.c4 g6 3.Nc3 d5 4.cxd5 Nxd5 5.e4 Nxc3 6.bxc3 Bg7 7.Be3 c5 8.Rc1 O-O
9.Qd2 e5 10.d5 Nd7 11.c4 f5 12.Bg5 Nf6 13.Ne2 Nxe4 14.Bxd8 Nxd2 15.Be7 Rf7
16.Bxc5 Nxf1 17.Rxf1 b6 18.Bb4 Ba6 19.f4 Rc8 20.fxe5 Bxe5 21.Rf3 Bxc4 22.Re3 Bg7
23.Nf4 Rd7 24.a4 Bh6 25.g3 Bxf4 26.gxf4 Rxd5 27.Re7 Rd4 28.Bd2 Kf8 29.Bb4 Re8  0-1

[Event "8th London Classic 2016"]
[Site "London ENG"]
[Date "2016.12.10"]
[Round "2.5"]
[White "Giri,A"]
[Black "Nakamura,Hi"]
[Result "1/2-1/2"]
[WhiteElo "2771"]
[BlackElo "2779"]

1.d4 Nf6 2.Nf3 g6 3.g3 Bg7 4.Bg2 O-O 5.c4 c5 6.Nc3 cxd4 7.Qxd4 Qa5 8.O-O Qh5
9.Qe5 Qxe5 10.Nxe5 Nc6 11.Nd3 b6 12.Bg5 Ba6 13.b3 h6 14.Bd2 Rac8 15.Rac1 Rfd8
16.Rfd1 e6 17.Bf4 Ne8 18.h4 Bf8 19.Ne5 Nxe5 20.Bxe5 Bg7 21.Bxg7 Kxg7 22.a4 g5
23.hxg5 hxg5 24.e3 Nf6 25.Rd6 Kf8 26.Rcd1 Rc5 27.Na2 Bc8 28.Nb4 Re8 29.Nd3 Ra5
30.Nb2 Rc5 31.Nd3 Ra5 32.Nb2 Rc5 33.R6d2 g4 34.Nd3 Rc7 35.Ne5 Ke7 36.a5 bxa5
37.Ra2 Bb7 38.Rxa5 Bxg2 39.Kxg2 Rb8 40.Ra3 Rc5 41.Nd3 Rc7 42.Ne5 Rc5 43.Nd3 Rc7  1/2-1/2

[Event "8th London Classic 2016"]
[Site "London ENG"]
[Date "2016.12.11"]
[Round "3.3"]
[White "Nakamura,Hi"]
[Black "Anand,V"]
[Result "1-0"]
[WhiteElo "2779"]
[BlackElo "2779"]

1.d4 Nf6 2.c4 e6 3.Nf3 d5 4.Nc3 Nbd7 5.cxd5 exd5 6.Bg5 Bb4 7.e3 h6 8.Bh4 g5
9.Bg3 Ne4 10.Nd2 Nxg3 11.hxg3 c6 12.a3 Ba5 13.Bd3 Kf8 14.Qc2 Nf6 15.O-O-O Kg7
16.Kb1 Be6 17.Nb3 Bb6 18.f4 Bg4 19.Rde1 Qd6 20.Rhf1 Rae8 21.Nc5 Re7 22.Qd2 Rhe8
23.fxg5 hxg5 24.e4 Nxe4 25.N5xe4 dxe4 26.Rxe4 Rxe4 27.Nxe4 Qg6 28.Nf6 Qxf6
29.Rxf6 Kxf6 30.Qc3 Bd7 31.d5+ Re5 32.Be4 g4 33.dxc6 bxc6 34.Bxc6 Bxc6 35.Qxc6+ Kg5
36.Qd7 Re3 37.Qxf7 Rxg3 38.Qd5+ Kh4 39.a4 Bf2 40.Qd8+ Kh5 41.Qe8+ Kg5 42.Qe5+ Kg6
43.Qf4  1-0

[Event "8th London Classic 2016"]
[Site "London ENG"]
[Date "2016.12.12"]
[Round "4.5"]
[White "Topalov,V"]
[Black "Nakamura,Hi"]
[Result "0-1"]
[WhiteElo "2760"]
[BlackElo "2779"]

1.e4 c6 2.d4 d5 3.e5 c5 4.dxc5 Nc6 5.Nf3 Bg4 6.c3 e6 7.b4 a6 8.Nbd2 Nxe5
9.Qa4+ Nd7 10.Ne5 Nf6 11.c4 a5 12.Nb3 axb4 13.Qb5 Be7 14.c6 bxc6 15.Nxc6 Qc7
16.f3 Bf5 17.Nxe7 Rb8 18.Nxf5 Rxb5 19.Nxg7+ Ke7 20.cxb5 Nc5 21.Bb2 Nxb3 22.axb3 Qf4
23.Be2 Rc8 24.Rd1 Qg5 25.b6 Rc2 26.Bxf6+ Qxf6 27.Nh5 Qc3+ 28.Kf1 Qe3 29.Re1 Qxb6
30.Nf4 Qe3 31.g3 Qxb3 32.Kg2 Kf8 33.Kh3 Qb2 34.Rb1 Qf6 35.Rhe1 e5 36.Nxd5 Qe6+
37.Kg2 Qxd5 38.Rxb4 Qd2 39.Rb8+ Kg7 40.Kf1 Qh6 41.Kg2 e4 42.Rb3 Qe6 43.Re3 exf3+
44.Kxf3 Qh3 45.Rd1 Qh5+ 46.Kf2 Qxh2+ 47.Kf3 Rc6 48.Rd4 Rg6 49.g4 Rf6+ 50.Ke4 Qh1+
51.Kd3 Qb1+ 52.Kd2 Qb2+ 53.Kd3 Rc6  0-1

[Event "8th London Classic 2016"]
[Site "London ENG"]
[Date "2016.12.13"]
[Round "5.3"]
[White "Nakamura,Hi"]
[Black "Kramnik,V"]
[Result "1/2-1/2"]
[WhiteElo "2779"]
[BlackElo "2809"]

1.d4 Nf6 2.c4 e6 3.Nf3 d5 4.Nc3 Be7 5.Bf4 O-O 6.e3 Nbd7 7.c5 Nh5 8.Bd3 Nxf4
9.exf4 b6 10.b4 a5 11.a3 c6 12.O-O Ba6 13.Re1 Bf6 14.Ne5 Bxe5 15.fxe5 Bxd3
16.Qxd3 Ra7 17.g3 Qa8 18.Rab1 axb4 19.axb4 Ra3 20.Qc2 Rb8 21.h4 h6 22.Kg2 Qa6
23.Rec1 bxc5 24.bxc5 Rxb1 25.Qxb1 Qc4 26.Qb2 Rb3 27.Qd2 Qb4 28.Rc2 f6 29.f4 fxe5
30.fxe5 Nf8 31.Ne2 Qb7 32.Nf4 Qf7 33.Rb2 Rxb2 34.Qxb2 g5 35.hxg5 hxg5 36.Nd3 Ng6
37.Nf2 Ne7 38.Qd2 Qg6 39.g4 Kg7 40.Nh3 Kh6 41.Kg3 Nc8 42.Qf2 Kg7 43.Qe3 Kh6
44.Qf3 Kg7 45.Qa3 Qe4 46.Nxg5 Qe1+ 47.Kf4 Qf2+ 48.Nf3 Ne7 49.Qa7 Kf8 50.Qb8+ Kf7
51.Qb7 Kf8 52.Qd7 Ng6+ 53.Kg5 Qxf3 54.Qxe6 Nh8 55.Qf5+ Nf7+ 56.Kf6 Qxf5+
57.gxf5 Nd8 58.e6 Nf7 59.Kg6 Nd8 60.Kf6 Nf7 61.exf7  1/2-1/2

[Event "8th London Classic 2016"]
[Site "London ENG"]
[Date "2016.12.15"]
[Round "6.3"]
[White "Caruana,F"]
[Black "Nakamura,Hi"]
[Result "1-0"]
[WhiteElo "2823"]
[BlackElo "2779"]

1.e4 c5 2.Nf3 d6 3.d4 cxd4 4.Nxd4 Nf6 5.Nc3 a6 6.Bg5 e6 7.f4 h6 8.Bh4 Qb6
9.a3 Be7 10.Bf2 Qc7 11.Qf3 Nbd7 12.O-O-O b5 13.g4 g5 14.h4 gxf4 15.Be2 b4
16.axb4 Ne5 17.Qxf4 Nexg4 18.Bxg4 e5 19.Qxf6 Bxf6 20.Nd5 Qd8 21.Nf5 Rb8 22.Nxf6+ Qxf6
23.Rxd6 Be6 24.Rhd1 O-O 25.h5 Qg5+ 26.Be3 Qf6 27.Nxh6+ Kh8 28.Bf5 Qe7 29.b5 Qe8
30.Nxf7+ Rxf7 31.Rxe6 Qxb5 32.Rh6+  1-0

[Event "8th London Classic 2016"]
[Site "London ENG"]
[Date "2016.12.16"]
[Round "7.4"]
[White "Nakamura,Hi"]
[Black "Vachier Lagrave,M"]
[Result "1-0"]
[WhiteElo "2779"]
[BlackElo "2804"]

1.e4 c5 2.Nf3 d6 3.d4 cxd4 4.Nxd4 Nf6 5.Nc3 a6 6.Bg5 e6 7.f4 h6 8.Bh4 Qb6
9.a3 Be7 10.Bf2 Qc7 11.Qf3 Nbd7 12.O-O-O b5 13.g4 Bb7 14.Bg2 Rc8 15.Kb1 g5
16.Qh3 Nc5 17.Rhe1 h5 18.Nf5 Ncxe4 19.Bxe4 Nxe4 20.Bd4 Rg8 21.Nxe7 Kxe7 22.gxh5 gxf4
23.Qh4+ Kf8 24.Ka1 b4 25.Nxe4 Bxe4 26.Rxe4 Qxc2 27.Ree1 bxa3 28.Qxf4 axb2+
29.Bxb2 Rg5 30.Qxd6+ Kg8 31.Rg1 Qa4+ 32.Ba3 Rxg1 33.Rxg1+ Kh7 34.Qd3+ Kh6
35.Rg6+ Kxh5 36.Rg1 f5 37.Qf3+  1-0

[Event "8th London Classic 2016"]
[Site "London ENG"]
[Date "2016.12.17"]
[Round "8.2"]
[White "Nakamura,Hi"]
[Black "Aronian,L"]
[Result "1/2-1/2"]
[WhiteElo "2779"]
[BlackElo "2785"]

1.d4 Nf6 2.c4 e6 3.Nf3 d5 4.Nc3 Bb4 5.Qb3 c5 6.dxc5 Nc6 7.Bg5 dxc4 8.Qxc4 Qa5
9.Rc1 Qxc5 10.Qxc5 Bxc5 11.e3 Bb4 12.a3 Bxc3+ 13.Rxc3 Ne4 14.Rc1 Nxg5 15.Nxg5 Ke7
16.Ne4 Bd7 17.Nc5 Rhc8 18.Nxd7 Kxd7 19.Bb5 a6 20.Bxc6+ Rxc6 21.Rxc6 Kxc6
22.Ke2 Rd8 23.Rc1+ Kd7 24.Rd1+ Ke7 25.Rc1 Kd7 26.Rd1+ Ke7 27.Rc1  1/2-1/2

[Event "8th London Classic 2016"]
[Site "London ENG"]
[Date "2016.12.18"]
[Round "9.4"]
[White "Adams,Mi"]
[Black "Nakamura,Hi"]
[Result "1/2-1/2"]
[WhiteElo "2748"]
[BlackElo "2779"]

1.e4 e5 2.Nf3 Nc6 3.Bb5 Nf6 4.O-O Nxe4 5.Re1 Nd6 6.Nxe5 Be7 7.Bf1 Nf5 8.Nf3 O-O
9.d4 d5 10.c3 Re8 11.Bd3 Bd6 12.Rxe8+ Qxe8 13.Qc2 g6 14.Nbd2 Bd7 15.Nf1 b6
16.Ng3 Nxg3 17.hxg3 f6 18.Bf4 Bxf4 19.gxf4 Qf7 20.Nh4 Kg7 21.g3 Ne7 22.Re1 Re8
23.Re3 Nc8 24.Ng2 Nd6 25.Rxe8 Qxe8 26.Ne3 Be6 27.f5 Bf7 28.fxg6 hxg6 29.Qe2 Be6
30.Ng2 c6  1/2-1/2

[Event "World Rapid 2016"]
[Site "Doha QAT"]
[Date "2016.12.26"]
[Round "1.2"]
[White "Adly,A"]
[Black "Nakamura,Hi"]
[Result "1/2-1/2"]
[WhiteElo "2599"]
[BlackElo "2779"]

1.d4 Nf6 2.Nf3 g6 3.c4 Bg7 4.g3 c5 5.Bg2 O-O 6.O-O d6 7.dxc5 dxc5 8.Ne5 Qc7
9.Nd3 Be6 10.Na3 Qc8 11.Be3 Bh3 12.Bxc5 Bxg2 13.Kxg2 Re8 14.f3 Nc6 15.Bf2 Nd7
16.Rc1 Nde5 17.Nxe5 Bxe5 18.Qc2 Qe6 19.Rfd1 Rac8 20.Rd2 Bg7 21.Rcd1 a6 22.c5 Bh6
23.f4 Qxa2 24.Nc4 Bg7 25.Rd7 b5 26.Nb6 Rcd8 27.Rxd8 Rxd8 28.Rxd8+ Nxd8 29.Qd3 Ne6
30.c6 Qxb2 31.c7 Nxc7 32.Qd8+ Bf8 33.Qxc7 Qxe2 34.Qc8  1/2-1/2

[Event "World Rapid 2016"]
[Site "Doha QAT"]
[Date "2016.12.26"]
[Round "2.22"]
[White "Nakamura,Hi"]
[Black "Wei Yi"]
[Result "1/2-1/2"]
[WhiteElo "2779"]
[BlackElo "2707"]

1.c4 Nf6 2.Nc3 e6 3.e4 d5 4.e5 d4 5.exf6 dxc3 6.bxc3 Qxf6 7.Bd3 Nc6 8.Be4 e5
9.Qf3 Qxf3 10.Nxf3 f6 11.d4 exd4 12.cxd4 Bg4 13.Be3 Bb4+ 14.Kf1 O-O-O 15.Rb1 a5
16.d5 Rde8 17.Bd3 Bxf3 18.gxf3 Ne5 19.Be2 Nd7 20.f4 f5 21.h4 Bc5 22.Bd2 Bb4
23.Bc1 Nf6 24.Bb2 Ne4 25.Rd1 Nc3 26.Bxc3 Bxc3 27.Rh3 Bb4 28.Bd3 Rhf8 29.h5 Bd6
30.Re3 Kd8 31.Bc2 Rxe3 32.fxe3 Bc5 33.Ke2 Re8 34.Rd3 b6 35.Kf3 g6 36.Rc3 Bb4
37.Rb3 Bc5 38.hxg6 hxg6 39.e4 fxe4+ 40.Bxe4 Rh8 41.Rb2 Ke7 42.Bxg6 Kf6 43.Bb1 Rh1
44.Be4 Rf1+ 45.Kg4 Rf2 46.Rxf2 Bxf2  1/2-1/2

[Event "World Rapid 2016"]
[Site "Doha QAT"]
[Date "2016.12.26"]
[Round "3.19"]
[White "Sanal,V"]
[Black "Nakamura,Hi"]
[Result "0-1"]
[WhiteElo "2474"]
[BlackElo "2779"]

1.e4 c5 2.Nf3 d6 3.d4 cxd4 4.Nxd4 Nf6 5.Nc3 a6 6.Bg5 e6 7.f4 h6 8.Bh4 Qb6
9.Qd3 Qxb2 10.Rb1 Qa3 11.f5 Be7 12.fxe6 Bxe6 13.Nxe6 fxe6 14.Be2 Nbd7 15.O-O Rc8
16.Rb3 Qc5+ 17.Bf2 Qc6 18.Qh3 Nc5 19.Bh5+ Kf8 20.Rbb1 Kg8 21.Bg6 h5 22.Bxc5 Qxc5+
23.Kh1 Rh6 24.Qxe6+ Kh8 25.Nd5 Ng8 26.Rf5 Qxc2 27.Rbf1 Qc4 28.h4 Bf6 29.Qf7 Qxe4
30.R1f4 Qe1+ 31.Kh2 Be5 32.Kh3 Bxf4 33.Rxf4 Rf8 34.Qxf8 Rxg6  0-1

[Event "World Rapid 2016"]
[Site "Doha QAT"]
[Date "2016.12.26"]
[Round "4.9"]
[White "Nakamura,Hi"]
[Black "Amin,B"]
[Result "1/2-1/2"]
[WhiteElo "2779"]
[BlackElo "2662"]

1.d4 Nf6 2.c4 e6 3.Nf3 Bb4+ 4.Bd2 c5 5.Bxb4 cxb4 6.Qb3 a5 7.a3 Na6 8.g3 b6
9.Bg2 Bb7 10.O-O O-O 11.Rd1 Rc8 12.axb4 Nxb4 13.Na3 d5 14.Rac1 dxc4 15.Nxc4 Bd5
16.Ne1 Bxg2 17.Kxg2 b5 18.Na3 Rxc1 19.Rxc1 Qxd4 20.Nf3 Qb6 21.Qc3 Nbd5 22.Qc5 b4
23.Qxb6 Nxb6 24.Nb5 Rc8 25.Rxc8+ Nxc8 26.Ne5 Ne7 27.f3 Nfd5 28.Nc4 Nc6 29.e4 Nf6
30.Kf2 Nd7 31.Ke3 e5 32.f4 f6 33.f5 Kf8 34.g4 Nc5 35.h4 a4 36.Nc7 Nd4 37.Nd5 Nc2+
38.Kd2 b3 39.Nd6 a3 40.bxa3 Nxa3 41.Kc3 h6 42.Kb4 b2 43.Nc3 b1=Q+ 44.Nxb1 Nxb1
45.Kxc5 Nd2 46.h5 Ke7 47.Kd5 Kd7 48.Nc4 Nxc4 49.Kxc4 Kc6  1/2-1/2

[Event "World Rapid 2016"]
[Site "Doha QAT"]
[Date "2016.12.26"]
[Round "5.13"]
[White "Bortnyk,Olexandr"]
[Black "Nakamura,Hi"]
[Result "0-1"]
[WhiteElo "2581"]
[BlackElo "2779"]

1.e4 c5 2.c3 e6 3.d4 d5 4.exd5 Qxd5 5.Be3 cxd4 6.cxd4 Nf6 7.Nc3 Qd8 8.Nf3 Be7
9.Bd3 O-O 10.O-O b6 11.Re1 Bb7 12.Qe2 Nd5 13.Bd2 Nxc3 14.bxc3 Nd7 15.c4 Bf6
16.Bc3 Qc7 17.Rad1 Rfd8 18.Qe3 Rac8 19.Ng5 Nf8 20.Ba1 Ng6 21.Bxg6 hxg6 22.d5 Qc5
23.Bd4 Qe7 24.dxe6 Bxg5 25.exf7+ Kxf7 26.Qg3 Qb4 27.Qe5 Bh6 28.Qe6+ Kf8 29.a3 Qxa3
30.Be5 Bd2 31.Qxg6 Qe7 32.Re2 Bf4 33.Rde1 Bxe5 34.Qh5 Rc5 35.h4 Re8 36.Qh8+ Kf7
37.Qh7 Qf6  0-1

[Event "World Rapid 2016"]
[Site "Doha QAT"]
[Date "2016.12.27"]
[Round "6.6"]
[White "Nakamura,Hi"]
[Black "Yu Yangyi"]
[Result "1/2-1/2"]
[WhiteElo "2779"]
[BlackElo "2729"]

1.d4 Nf6 2.Bf4 d5 3.Nd2 g6 4.e3 Bg7 5.h3 O-O 6.Ngf3 c5 7.c3 b6 8.a4 Nc6 9.Bd3 Nd7
10.Bh2 Bb7 11.O-O e5 12.e4 exd4 13.exd5 Nce5 14.Nxe5 Nxe5 15.Bxe5 Bxe5 16.c4 a5
17.Re1 Re8 18.Nf3 Bd6 19.Qb3 Qf6 20.Qb5 Kf8 21.Qd7 Re7 22.Rxe7 Qxe7 23.Qb5 Qd8
24.Re1 Ba6 25.Qb3 Qf6 26.Nd2 Qf4 27.Nf3 Qf6 28.Kf1 Bf4 29.h4 Re8 30.Ng5 Rxe1+
31.Kxe1 Bxg5 32.hxg5 Qd6 33.Be2 Bc8 34.Qf3 Qe5 35.Qf6 Qxf6 36.gxf6 Ke8 37.g3 Bf5
38.Kd2 h5 39.b3 Kd7 40.f4 Kd6 41.Bf3 Kd7  1/2-1/2

[Event "World Rapid 2016"]
[Site "Doha QAT"]
[Date "2016.12.27"]
[Round "7.7"]
[White "Nguyen Ngoc Truong Son"]
[Black "Nakamura,Hi"]
[Result "1/2-1/2"]
[WhiteElo "2629"]
[BlackElo "2779"]

1.d4 Nf6 2.Nf3 e6 3.Bf4 c5 4.e3 Nc6 5.Nbd2 d5 6.c3 h6 7.Ne5 a6 8.Bd3 Bd6
9.Bg3 Qc7 10.Nxc6 Qxc6 11.O-O b6 12.Qf3 Bb7 13.Bxd6 Qxd6 14.Qg3 Qxg3 15.hxg3 Ke7
16.Rfe1 Rhd8 17.f3 h5 18.Kf2 Rac8 19.Rac1 Ne8 20.b4 Nd6 21.bxc5 bxc5 22.e4 c4
23.Bc2 Rb8 24.a4 a5 25.Rb1 Bc6 26.exd5 Bxd5 27.Nf1 Ne8 28.Ne3 Nf6 29.Rxb8 Rxb8
30.Rb1 Rxb1 31.Bxb1 Nd7 32.Nxd5+ exd5 33.Bc2 g6 34.Ke3 Kf6 35.Bd1 Kg5 36.Bc2 f5
37.Bd1 Nf8 38.Bc2 Ne6 39.Bb1 Kf6 40.Bc2 Kg5 41.Bb1 Nf8 42.Bc2 Kf6 43.Bb1 Nd7
44.Bc2 g5 45.Bb1 Nf8 46.Bc2 Ne6 47.Bb1 h4 48.Kf2 Ng7 49.g4 fxg4 50.fxg4 Ne6
51.Bc2 Nf4 52.Kf3 Ne6 53.Bb1 Ke7  1/2-1/2

[Event "World Rapid 2016"]
[Site "Doha QAT"]
[Date "2016.12.27"]
[Round "8.7"]
[White "Nakamura,Hi"]
[Black "Pantsulaia,L"]
[Result "0-1"]
[WhiteElo "2779"]
[BlackElo "2607"]

1.d4 Nf6 2.c4 c5 3.d5 e6 4.Nc3 exd5 5.cxd5 d6 6.e4 g6 7.f3 Bg7 8.Bg5 O-O
9.Qd2 h5 10.Nge2 Qe8 11.Nc1 Nh7 12.Be3 Bd7 13.Be2 b5 14.a4 b4 15.Nb5 Bxb5
16.Bxb5 Nd7 17.O-O a6 18.Bc6 Rb8 19.Nb3 Qc8 20.Na5 Ne5 21.Bf4 Qc7 22.Bxe5 Bxe5
23.Nc4 Bd4+ 24.Kh1 b3 25.f4 Rb4 26.Qd3 Nf6 27.Rae1 Ng4 28.Re2 Qe7 29.g3 h4
30.Kg2 hxg3 31.hxg3 Kg7 32.Kf3 Nf6 33.Rh1 Rc8 34.e5 dxe5 35.Nxe5 Qd6 36.Qxa6 Rc7
37.Qa8 Nh5 38.Nd3 Rb6 39.Re5 Rbxc6 40.Rhxh5 Rc8 41.Qa5 gxh5 42.Rxh5 R6c7
43.Nf2 Bxf2 44.Kxf2 Qf6 45.Kf3 Re7 46.Qd2 Qd4 47.Qc1 Rh8 48.Rg5+ Kf8 49.Kg4 f6
50.d6 fxg5 51.dxe7+ Kxe7 52.Qe1+ Kd6 53.Qa5 Qd1+ 54.Kf5 Qd5+ 55.Kg4 Qe6+  0-1

[Event "World Rapid 2016"]
[Site "Doha QAT"]
[Date "2016.12.27"]
[Round "9.16"]
[White "Moiseenko,A1"]
[Black "Nakamura,Hi"]
[Result "1/2-1/2"]
[WhiteElo "2657"]
[BlackElo "2779"]

1.d4 Nf6 2.c4 g6 3.Nc3 Bg7 4.e4 d6 5.Bd3 O-O 6.Nge2 c5 7.d5 Nbd7 8.f4 e6
9.O-O exd5 10.exd5 Ne8 11.Bd2 f5 12.Qc2 Nc7 13.Rae1 Nf6 14.h3 Bd7 15.b3 Rb8
16.Kh1 Nh5 17.Kh2 b5 18.g3 bxc4 19.bxc4 Nf6 20.Ng1 Ne4 21.Nxe4 Rb2 22.Qc1 fxe4
23.Bxe4 Rxa2 24.Kh1 Qf6 25.Re2 Bf5 26.Bxf5 Qxf5 27.Qb1 Qxb1 28.Rxb1 Re8 29.Rxe8+ Nxe8
30.Nf3 Ra1 31.Rxa1 Bxa1 32.Kg2 Nf6 33.Ba5 Bb2 34.Nd2 Bc1 35.Kf3 Bxd2 36.Bxd2 Kf7
37.g4 Nd7 38.Ke4 Nf6+ 39.Kf3 Nd7 40.Ke4 Nb6 41.Kd3 h6 42.f5 gxf5 43.Bxh6 fxg4
44.hxg4 Nd7 45.Bf4 Ke7 46.Bg5+ Nf6 47.Bh4 Kf7 48.Bg3 Ke7 49.Bh4 Kf7 50.Bg3 Ke7
51.Bh4  1/2-1/2

[Event "World Rapid 2016"]
[Site "Doha QAT"]
[Date "2016.12.27"]
[Round "10.16"]
[White "Nakamura,Hi"]
[Black "Najer,E"]
[Result "1/2-1/2"]
[WhiteElo "2779"]
[BlackElo "2679"]

1.e4 c5 2.Nf3 e6 3.d4 cxd4 4.Nxd4 Nc6 5.Nc3 Qc7 6.f4 a6 7.Be3 b5 8.Be2 Bb7
9.Bf3 Rc8 10.Nxc6 Bxc6 11.Qd4 b4 12.Ne2 Nf6 13.c4 Be7 14.O-O O-O 15.Ng3 d6
16.b3 a5 17.Kh1 Nd7 18.Rad1 Rfd8 19.Nh5 e5 20.Qb2 g6 21.Ng3 exf4 22.Bxf4 Bf6
23.Qc1 Ne5 24.Bg5 Be7 25.Ne2 Re8 26.Nd4 Bxg5 27.Qxg5 Qe7 28.Qg3 Kh8 29.Rd2 a4
30.Nc2 Rb8 31.Rfd1 Red8 32.Qf2 Ba8 33.Rd4 Kg8 34.Ne3 Rd7 35.Ng4 Bc6 36.Be2 Nxg4
37.Bxg4 Ra7 38.Rxd6 axb3 39.axb3 Bxe4 40.Rd7 Rxd7 41.Rxd7 Qe8 42.Qf6 Ra8
43.Kg1 Qf8 44.h3 Re8 45.Kh2 h5 46.Bf3 Re6 47.Qf4 Bxf3 48.Qxf3 Qb8+ 49.Kg1 Qe8
50.Rd3 Re1+ 51.Kf2 Rb1 52.Qe3 Qa8 53.Kg3 Qb8+ 54.Qf4 h4+ 55.Kg4 Qe8 56.Re3 Qd8
57.Qg5 Qd4+ 58.Qf4 Qd8 59.Qg5 Qd4+ 60.Qf4 Qd8 61.Qg5 Qd4+ 62.Qf4 Qd8 63.Qg5  1/2-1/2

[Event "World Rapid 2016"]
[Site "Doha QAT"]
[Date "2016.12.28"]
[Round "11.23"]
[White "Leko,P"]
[Black "Nakamura,Hi"]
[Result "1/2-1/2"]
[WhiteElo "2693"]
[BlackElo "2779"]

1.e4 c6 2.d4 d5 3.Nc3 dxe4 4.Nxe4 Bf5 5.Ng3 Bg6 6.h4 h6 7.Nf3 e6 8.Ne5 Bh7
9.Bd3 Bxd3 10.Qxd3 Nd7 11.Bf4 Qa5+ 12.c3 Nxe5 13.Bxe5 O-O-O 14.Qe2 Nf6 15.Ne4 Nxe4
16.Qxe4 Qd5 17.Qxd5 cxd5 18.h5 f6 19.Bf4 Be7 20.Ke2 Rhe8 21.Kd3 Kd7 22.a4 Rc8
23.g4 Rc6 24.Rhe1 Rb6 25.Re2 a5 26.f3 Rc8 27.Bg3 Rf8 28.Rg1 Rc8 29.Ra1 Rf8
30.Rg1 Rc6 31.Rge1 Bd8 32.Bh2 Re8 33.Bg3 Rc4 34.b3 Rc6 35.c4 dxc4+ 36.bxc4 Rb6
37.Rc1 Rb4 38.Ra2 Rb3+ 39.Rc3 Rb1 40.Rcc2 Rb3+ 41.Rc3 Rb6 42.Rcc2 e5 43.d5 e4+
44.fxe4 Rb3+ 45.Rc3 Rxc3+ 46.Kxc3 Rxe4 47.Bf2 Rxg4 48.Rb2 Kc8 49.Re2 Rg2
50.Kd3 Rh2 51.Bc5 Rxh5 52.Re8 Kd7 53.Rf8 b6 54.Rf7+ Kc8 55.Bd6 Rh3+ 56.Kd4 Rh4+
57.Kd3 g5 58.c5 bxc5 59.Bxc5 Rxa4 60.Rf8 Kd7 61.Rf7+ Kc8 62.Rf8 Kd7 63.Rf7+ Kc8
64.Rf8  1/2-1/2